| 000 | 01024nam a22001577a 4500 | ||
|---|---|---|---|
| 008 | 190424b xxu||||| |||| 00| 0 eng d | ||
| 020 | _a9786079651954 | ||
| 082 |
_a702.81 _bB622i |
||
| 100 |
_aBishop, Claire _93154 |
||
| 245 | _aInfiernos artificiales: Arte participativo y política de la espectaduría | ||
| 260 |
_aMéxico _bTaller de Ediciones Económicas _c2016 |
||
| 300 |
_a461 p. _bill. _c21 cm |
||
| 440 |
_at-e-e o r í a _97008 |
||
| 505 |
_tIntroducción _tEl giro social: la colaboración y sus insatisfacciones _tInfiernos artificiales: la vanguardia histórica _tJe participe, tu participes, il participe... _tSadismo social explicitado _tLo social bajo el socialismo _tPersonas incidentales: APG y artes comunitarias _tFormer West: El arte como proyecto a inicios de los 90 _tPerformance delegada: subcontratar la autenticidad _tProyectos pedagógicos: "¿Cómo hacer vivir una clase escolar como una obra de arte?" _tConclusión |
||
| 650 |
_2Arte contemporáneo _vArte participativo _xArte - prácticas pedagógicas _97009 |
||
| 999 |
_c1771 _d1771 |
||